Adivinhe a Letra: Saudade da Minha Terra - Statistics

Estatísticas Gerais
  • Esse quiz foi jogado 20 vezes
  • A pontuação média é 162 de 250
Estatísticas das Respostas
Letra % Correto
E
92%
e
92%
eu
92%
Eu
92%
na
92%
a
83%
A
83%
coração
83%
De
83%
de
83%
do
83%
Do
83%
me
83%
meu
83%
não
83%
Não
83%
o
83%
O
83%
que
83%
Que
83%
quer
83%
saudade,
83%
saudade
83%
Se
83%
te
83%
ter
83%
viver
83%
voltar
83%
Adeus,
75%
adianta
75%
cidade
75%
Com
75%
com
75%
Esta
75%
esta
75%
está
75%
felicidade
75%
75%
75%
minha
75%
Nas
75%
no
75%
paulistinha
75%
pro
75%
quando
75%
sertão,
75%
sertão
75%
terra
75%
acompanhar
67%
alguém,
67%
Alguém
67%
alvorada
67%
aqui
67%
Aqui
67%
bem
67%
cantar
67%
dia
67%
diz
67%
lindas
67%
madrugada,
67%
madrugada
67%
Mas
67%
mas
67%
meninas
67%
morena
67%
Por
67%
por
67%
quero
67%
sabe
67%
tenho
67%
vida
67%
vou
67%
as
58%
burrão
58%
campo
58%
canoa
58%
cantando
58%
cantando,
58%
chorado
58%
chorando
58%
começa
58%
criado
58%
danças
58%
deixado
58%
doce
58%
domingos
58%
escutando
58%
Estou
58%
Fazendo
58%
fui
58%
galo
58%
galopar
58%
58%
58%
jequitibá
58%
longe
58%
mato
58%
nascer
58%
Nossa
58%
nova
58%
Onde
58%
passarada
58%
passear
58%
pena,
58%
Pra
58%
pra
58%
querido
58%
Sabiá
58%
satisfação,
58%
sem
58%
sistema
58%
sou
58%
também
58%
tanta
58%
tanto
58%
tem
58%
58%
Ver
58%
ver
58%
águas
50%
alegria
50%
Aos
50%
arreio
50%
arrependido
50%
berrando
50%
campinas
50%
contrariado,
50%
convém,
50%
corta
50%
cristalinas
50%
derrotado
50%
Divinas
50%
em
50%
ensina
50%
estrada
50%
estradão,
50%
festanças
50%
guiado
50%
ia
50%
imensa
50%
judia,
50%
lagoas
50%
lembrança
50%
ligado
50%
manso
50%
Mãos
50%
morrer
50%
Nesta
50%
pelas
50%
pensado
50%
rádio
50%
saio
50%
Senhora,
50%
tinha
50%
viu
50%
ali
42%
cansei
42%
Cortando
42%
daquelas
42%
escurecer
42%
estarei
42%
foi
42%
gado
42%
hoje
42%
ir
42%
lua
42%
mãezinha
42%
mundo
42%
ouço
42%
partida
42%
piando
42%
querida
42%
regato
42%
sofrer
42%
telegrafei
42%
Vivo
42%
vivo
42%
anoitecer
33%
molhada
33%
nasci
33%
relva
33%
tudo
33%
clareando
25%
desde
25%
inhambu
25%
prateada
25%
preciso
25%
sonhando
25%
digo
8%
Nenhum quiz correspondente encontrado
Distribuição das Pontuações
Porcentagem de Pessoas com Cada Pontuação
Percentil de Números Respondidos
Sua Pontuação Histórica
Você não jogou esse quiz